| 000 -LEADER |
| fixed length control field |
02049cas a2200553 4500 |
| 001 - CONTROL NUMBER |
| control field |
11159013 |
| 003 - CONTROL NUMBER IDENTIFIER |
| control field |
OSt |
| 005 - DATE AND TIME OF LATEST TRANSACTION |
| control field |
20160907151647.0 |
| 007 - PHYSICAL DESCRIPTION FIXED FIELD--GENERAL INFORMATION |
| fixed length control field |
t| |
| 008 - FIXED-LENGTH DATA ELEMENTS--GENERAL INFORMATION |
| fixed length control field |
761201c19659999ohuuu e r 0 a0eng |
| 010 ## - LIBRARY OF CONGRESS CONTROL NUMBER |
| LC control number |
66018830 |
| 016 7# - NATIONAL BIBLIOGRAPHIC AGENCY CONTROL NUMBER |
| Record control number |
410016-5 |
| Source |
DE-600 |
| 022 0# - INTERNATIONAL STANDARD SERIAL NUMBER |
| International Standard Serial Number |
0074-4603 |
| Source |
1 |
| 035 ## - SYSTEM CONTROL NUMBER |
| System control number |
(OCoLC)ocm02587356 |
| 037 ## - SOURCE OF ACQUISITION |
| Source of stock number/acquisition |
Philosophy Documentation Center, Bowling Green University, Bowling Green, OH 43403 |
| 040 ## - CATALOGING SOURCE |
| Original cataloging agency |
DLC |
| Transcribing agency |
CtY |
| Modifying agency |
DLC |
| -- |
NSDP |
| -- |
OCoLC |
| -- |
DLC |
| -- |
OCoLC |
| -- |
MBTI |
| -- |
DLC |
| -- |
NST |
| -- |
WaU |
| -- |
MH |
| -- |
GU |
| -- |
OCoLC |
| -- |
NLGGC |
| -- |
CaQQL |
| -- |
OCoLC |
| -- |
HEBIS |
| -- |
DE-MnBSB |
| -- |
DLC |
| 042 ## - AUTHENTICATION CODE |
| Authentication code |
pcc |
| -- |
nsdp |
| 050 00 - LIBRARY OF CONGRESS CALL NUMBER |
| Classification number |
B35.I55 2001 |
| 082 #4 - DEWEY DECIMAL CLASSIFICATION NUMBER |
| Classification number |
102.5 |
| 100 ## - MAIN ENTRY--PERSONAL NAME |
| Personal name |
Cormier, Ramona |
| 222 #0 - KEY TITLE |
| Key title |
International directory of philosophy and philosophers |
| 245 00 - TITLE STATEMENT |
| Title |
International directory of philosophy and philosophers. |
| Statement of responsibility, etc |
Ramona Cormier |
| 246 13 - VARYING FORM OF TITLE |
| Title proper/short title |
Repertoire international de la philosophie et des philosophes |
| Date or sequential designation |
2001-2002 |
| 260 ## - PUBLICATION, DISTRIBUTION, ETC. (IMPRINT) |
| Place of publication, distribution, etc |
Bowling Green, Ohio [etc.] |
| Name of publisher, distributor, etc |
Philosophy Documentation Center, Bowling Green University, |
| Date of publication, distribution, etc |
c2001- |
| 300 ## - PHYSICAL DESCRIPTION |
| Extent |
v. |
| Dimensions |
24-29 cm. |
| 362 0# - DATES OF PUBLICATION AND/OR SEQUENTIAL DESIGNATION |
| Dates of publication and/or sequential designation |
[1st]- ed. |
| 590 ## - LOCAL NOTE (RLIN) |
| Local note |
SERBIB/SERLOC merged record |
| 650 #0 - SUBJECT ADDED ENTRY--TOPICAL TERM |
| Topical term or geographic name as entry element |
Philosophy |
| Form subdivision |
Directories. |
| 650 17 - SUBJECT ADDED ENTRY--TOPICAL TERM |
| Topical term or geographic name as entry element |
Filosofie. |
| Source of heading or term |
gtt |
| 650 17 - SUBJECT ADDED ENTRY--TOPICAL TERM |
| Topical term or geographic name as entry element |
Filosofen. |
| Source of heading or term |
gtt |
| 650 #6 - SUBJECT ADDED ENTRY--TOPICAL TERM |
| Topical term or geographic name as entry element |
Philosophie |
| Form subdivision |
Répertoires. |
| 650 #6 - SUBJECT ADDED ENTRY--TOPICAL TERM |
| Topical term or geographic name as entry element |
Philosophes |
| Form subdivision |
Répertoires. |
| 650 07 - SUBJECT ADDED ENTRY--TOPICAL TERM |
| Topical term or geographic name as entry element |
Philosoph |
| Source of heading or term |
swd |
| 650 07 - SUBJECT ADDED ENTRY--TOPICAL TERM |
| Topical term or geographic name as entry element |
Verzeichnis |
| Source of heading or term |
swd |
| 650 07 - SUBJECT ADDED ENTRY--TOPICAL TERM |
| Topical term or geographic name as entry element |
Philosophie |
| Source of heading or term |
swd |
| 650 07 - SUBJECT ADDED ENTRY--TOPICAL TERM |
| Topical term or geographic name as entry element |
Adressbuch |
| Source of heading or term |
swd |
| 700 ## - ADDED ENTRY--PERSONAL NAME |
| Personal name |
Thompson, Robert L. |
| 710 2# - ADDED ENTRY--CORPORATE NAME |
| Corporate name or jurisdiction name as entry element |
Bowling Green State University. |
| Subordinate unit |
Philosophy Documentation Center. |
| 776 08 - ADDITIONAL PHYSICAL FORM ENTRY |
| Display text |
Online version: |
| Title |
International directory of philosophy and philosophers |
| Record control number |
(OCoLC)564559923 |
| 787 0# - NONSPECIFIC RELATIONSHIP ENTRY |
| Title |
International directory of philosophy |
| International Standard Serial Number |
2158-5652 |
| Record control number |
(DLC) 2010203552 |
| -- |
(OCoLC)682160313 |
| 906 ## - LOCAL DATA ELEMENT F, LDF (RLIN) |
| a |
7 |
| b |
cbc |
| c |
serials |
| d |
3 |
| e |
ncip |
| f |
19 |
| g |
n-oclcserc |
| 936 ## - OCLC/CONSER MISCELLANEOUS DATA (OCLC); PIECE USED FOR CATALOGING (pre-AACR2) (RLIN) |
| OCLC control number(s) of parallel record(s) (OCLC); Piece used for cataloging, PUC (RLIN) |
Unknown |
| -- |
1974/75 (surrogate) |
| 942 ## - ADDED ENTRY ELEMENTS (KOHA) |
| Source of classification or shelving scheme |
|
| Koha item type |
Book |